logo

Bir Sreshtho Munshi Abdur Rouf Library
Jhenaidah Cadet College

The Metamorphosis and Other Stories / (Record no. 14204)

MARC details
000 -LEADER
fixed length control field 00594nam a2200229 a 4500
001 - CONTROL NUMBER
JCCL Control Number 14204
003 - CONTROL NUMBER IDENTIFIER
JCCL marc code BD-JhCC
005 - DATE AND TIME OF LATEST TRANSACTION
control field 20250212171252.0
008 - FIXED-LENGTH DATA ELEMENTS--GENERAL INFORMATION
fixed length control field 250209b2017 e a|||| ||a| 000 0 eng d
020 ## - INTERNATIONAL STANDARD BOOK NUMBER
International Standard Book Number 9781435165069
035 ## - SYSTEM CONTROL NUMBER
system control number (BD-JhCC)14204
040 ## - CATALOGING SOURCE
Original cataloging agency BD-JhCC
Modifying agency BD-JhCC
041 ## - LANGUAGE CODE
Language code of Book english
082 ## - DEWEY DECIMAL CLASSIFICATION NUMBER
Classification number 808.3
Author mark and Year KAF 2017
100 ## - MAIN ENTRY--PERSONAL NAME
Personal name Kafka,Franz
245 ## - TITLE STATEMENT
Title The Metamorphosis and Other Stories /
Statement of responsibility, etc Franz Kafka.
260 ## - PUBLICATION, DISTRIBUTION, ETC. (IMPRINT)
Place of publication, distribution, etc London:
Name of publisher, distributor, etc Barnes & Noble;
Date of publication, distribution, etc 2017.
300 ## - PHYSICAL DESCRIPTION
Pagination 238 p .
Dimensions 21 cm.
650 ## - SUBJECT ADDED ENTRY--TOPICAL TERM
Topical term or geographic name as entry element Fiction Writing, Storytelling
942 ## - ADDED ENTRY ELEMENTS (KOHA)
Source of classification or shelving scheme Dewey Decimal Classification
Koha item type Books
Holdings
Source of classification or shelving scheme Damaged status Not for loan Home library Current library Shelving location Date of accession Source of acquisition Cost, normal purchase price Total Checkouts Full call number Barcode Checked out Date last seen Date checked out Copy number Method of acquisition Koha item type Currency
Dewey Decimal Classification     JCC Rouf Library JCC Rouf Library General Stacks   With the compliments of Maj (Retd) Syed Sakhawat Hussain,07/0388/K 100.00 2 808.3 KAF 2017 19981 08/17/2025 07/23/2025 07/23/2025 C-1 Gift/Donation Books BDT
Dewey Decimal Classification     JCC Rouf Library JCC Rouf Library General Stacks   With the compliments of Maj (Retd) Syed Sakhawat Hussain,07/0388/K 100.00 3 808.3 KAF 2017 19982 03/03/2026 02/05/2026 02/05/2026 C-2 Gift/Donation Books BDT

JCC Library | Contacts | JCC Home

Last Update on 23 September 2017
Copyright @ 2017-2020 JCC Rouf Library
Rouf Library, Jhenidah Cadet College (JCC), Bangladesh